OECD agricultural outlook 2002-2007

Guardado en:
Detalles Bibliográficos
Formato: Libro
Lenguaje:inglés
Publicado: Paris OECD 2002
Materias:
Etiquetas: Agregar Etiqueta
Sin Etiquetas, Sea el primero en etiquetar este registro!

MARC

LEADER 00000nam a2200000 4500
001 c141750
005 20240422092349.9
020 |a 92-64-18721-9 
041 0 |a eng 
044 |a FR 
245 1 0 |a OECD agricultural outlook 2002-2007 
264 1 |a Paris  |b OECD  |c 2002 
300 |a 209 s. 
610 2 0 |a poľnohospodárstvo 
610 2 0 |a politika poľnohospodárska 
610 2 0 |a potraviny 
610 2 0 |a obilniny 
610 2 0 |a mäso 
610 2 0 |a trh 
610 2 0 |a roľníci 
610 2 0 |a farmy 
610 2 0 |a produkcia 
610 2 0 |a obchod 
610 2 0 |a výroba poľnohospodárska 
610 2 0 |a výroba rastlinná 
610 2 0 |a spotreba 
610 2 0 |a vývoz 
610 2 0 |a dovoz